Municipis de la comarca del Pla de l'Estany (Catalunya) - Statistics

General Stats
  • This quiz has been taken 334 times
  • The average score is 7 of 11
Answer Stats
Hint Answer % Correct
B Banyoles
100%
P Porqueres
75%
CT Cornellà del Terri
72%
E Esponellà
66%
S Serinyà
64%
PR Palol de Revardit
62%
C Crespià
61%
SMC Sant Miquel de Campmajor
60%
F Fontcoberta
58%
V Vilademuls
57%
C Camós
55%
No matching quizzes found
Score Distribution
Percent of People with Each Score
Percentile by Number Answered
Your Score History
You have not taken this quiz